100 [i.e. Cien] años en la vida de Guadalajara : [de 1889 a 1910] /

Obra en tres volúmenes sobre la historia económica y social de Guadalajara, desde 1889 hasta 1989, según la Gaceta Mercantil de la Cámara de Comercio de Guadalajara, de la cuál se ofrecen extractos en todo el texto y se destaca su importancia histórica, así como la de la propia Cámara. La cronología...

Fuld beskrivelse

Guardado en:
Bibliografiske detaljer
Hovedforfatter: Arana Cervantes, Marcos (autor)
Andre forfattere: Gerber Stump, Pablo (presentación) (presentación)
Format: Bog
Sprog:spansk
Udgivet: Guadalajara, México : Cámara Nacional de Comercio de Guadalajara, 1990, c1990
Fag:
Tags: Tilføj Tag
Ingen Tags, Vær først til at tagge denne postø!

MARC

LEADER 00000nam^a2200000^a^4500
001 000186852
005 20250521000000.0
009 20260310102240.33
037 |a Acervo ITESO - Biblioteca 
041 |a ESP 
082 |a 972. 352  |b AÑO V. 1 
100 |a Arana Cervantes, Marcos  |e (autor) 
240 1 1 |a [100 años en la vida de Guadalajara] 
245 1 0 |a 100 [i.e. Cien] años en la vida de Guadalajara :  |b [de 1889 a 1910] /  |c M. Arana Cervantes ; presen. de P. Gerber Stump. 
264 4 |a Guadalajara, México :  |b Cámara Nacional de Comercio de Guadalajara,  |c 1990, c1990 
300 |a 151 p. 
336 |a texto  |b txt  |2 rdacontenido 
337 |a sin mediación  |b n  |2 rdamedio 
338 |a volumen  |b nc  |2 rdasoporte 
520 |a Obra en tres volúmenes sobre la historia económica y social de Guadalajara, desde 1889 hasta 1989, según la Gaceta Mercantil de la Cámara de Comercio de Guadalajara, de la cuál se ofrecen extractos en todo el texto y se destaca su importancia histórica, así como la de la propia Cámara. La cronología de la obra está desarrollada como sigue: V. 1 De 1889 a 1910, escrito por Marcos Arana Cervantes; V. 2 De la época de la Revolución a 1940, con autoría de Patricia Zea Aguilar; y V. 3 De los años cuarentas a 1989, escrito por Daniel Vázquez. 
649 |a XX 
650 |a Economía -  |z Guadalajara, Jalisco -  |x Historia -  |y Siglo XIX 
650 |a Economía -  |z Jalisco -  |x Historia -  |y Siglo XIX 
650 |a Economía -  |z México -  |x Historia -  |y Siglo XIX 
650 |a Economía -  |z Guadalajara, Jalisco -  |x Historia -  |y Siglo XX 
650 |a Economía -  |z Jalisco -  |x Historia -  |y Siglo XX 
650 |a Economía -  |z México -  |x Historia -  |y Siglo XX 
650 |a Instituciones Económicas -  |z Guadalajara, Jalisco -  |x Historia 
650 |a Instituciones Económicas -  |z Jalisco -  |x Historia 
650 |a Instituciones Económicas -  |z México -  |x Historia 
650 |a Publicaciones Periódicas Jaliscienses -  |x Historia 
650 |a Publicaciones Periódicas Mexicanas -  |x Historia 
650 |a Guadalajara, Jalisco -  |x Historia -  |y Siglo XIX -  |x Tema Principal 
650 |a Jalisco -  |x Historia -  |y Siglo XIX 
650 |a México -  |x Historia -  |y Siglo XIX 
650 |a Guadalajara, Jalisco -  |x Historia -  |y Siglo XX 
650 |a Jalisco -  |x Historia -  |y Siglo XX 
650 |a México -  |x Historia -  |y Siglo XX 
700 |a Gerber Stump, Pablo  |e (presentación) 
910 |a Fondo Julio de la Peña Lomelín 
920 |a Impresos - Libros 
930 |a Arquitectos Jaliscienses 
905 |a 115 
901 |a 0500128501  |b IT1  |c JAL  |u 20250521 
902 |a https://opac.biblio.iteso.mx/vufind/Record/000186852